| 000 | 01729nam0a2200361 4500 | ||
|---|---|---|---|
| 001 | RU\NLR\bibl\231851 | ||
| 005 | 20260407013439.0 | ||
| 010 |
_a5-89830-005-8 _9120 |
||
| 021 |
_aRU _b2001-35738 _91700 |
||
| 035 | _a(NLR Aleph) 000227802 | ||
| 090 |
_a1325314 _c1325314 |
||
| 100 | _a20020215d2001 |||y0rusy50 ca | ||
| 101 | 0 | _arus | |
| 102 | _aRU | ||
| 105 | _aa ||||||||| | ||
| 200 | 1 |
_aСправочное пособие для печатников рулонной офсетной машины типа РО-62 _fМ-во Рос. Федерации по делам печати, телерадиовещания и средств массовых коммуникаций, Гос. предприятие "Н.-и. центр упр. экономики и информатики" _g[Разраб. Исакова М.Е. и др.] |
|
| 210 |
_aМ. _cЭкономика _d2001 |
||
| 215 |
_a63 с. _cил. _d29 |
||
| 320 | _aБиблиогр.: с. 63 | ||
| 606 | 0 |
_aОфсетная печать _jСправочники _9892042 _3RU\NLR\auth\66322832 |
|
| 606 | 0 |
_aОфсетные машины рулонные _jСправочники _91819527 _3RU\NLR\auth\66821711 |
|
| 675 |
_a655.34.022(035.5) _v3 _zrus |
||
| 686 |
_a60 _2rugasnti |
||
| 686 |
_a37.83я2 _2rubbk |
||
| 686 | _aМ832.02я22 | ||
| 701 | 1 |
_aИсакова _bМ. Е. _gМария Егоровна _4220 |
|
| 712 | 0 | 2 |
_4570 _aНаучно-исследовательский центр управления, экономики и информатики _cМосква _3RU\NLR\AUTH\8810001501 _9500183 |
| 801 | 0 |
_aRU _bRKP _c20020215 _gPSBO |
|
| 801 | 1 |
_aRU _bRKP _c20020215 |
|
| 801 | 2 |
_aRU _bNLR _c20020325 _grcr |
|
| 942 | _cBOOK | ||
| 980 | _aNB | ||